the hardest quiz states answers - Statistics

General Stats
  • This quiz has been taken 15 times
  • The average score is 5 of 11
Answers on the Grid
Answers color-coded by a green-red scale on the quiz's grid according to % correct below.
florida is medimun
montana has so high montins
washingtondc is the capital of canada
nevada is smaller then delaware
oklahoma is touching missouri
texas is bigger then alaska
alaska is on the top of canada
colorado is a square
wyoming is also a square
oregon and nevada are borders
hawaii has a full beach
pennsylvania is so close to alaska
missouri has 3 borders
montana is on west coast
vermont is lock land
massachusetts is amlest the smallest state in the united states
washington has a half beach
minnesota is a country and not a state
new hampshire has the most camps
connecticut has two large peices with no small parts
 
Answer Stats
Answer % Correct
wyoming is also a square
88%
colorado is a square
75%
oklahoma is touching missouri
75%
hawaii has a full beach
63%
florida is medimun
38%
montana has so high montins
38%
alaska is on the top of canada
25%
montana is on west coast
25%
oregon and nevada are borders
25%
washington has a half beach
25%
massachusetts is amlest the smallest state in the united states
13%
No matching quizzes found
Score Distribution
Percent of People with Each Score
Percentile by Number Answered
Your Score History
You have not taken this quiz